| 000 | 01208nam a2200325 c 4500 | ||
|---|---|---|---|
| 003 | BLK | ||
| 005 | 20250609104651.0 | ||
| 008 | 180408b bul|||||r ||||||| ||bul|| | ||
| 010 | _aKNG00069230000 | ||
| 020 |
_a954-529-470-1 _bиздат.: Колибри |
||
| 040 | _aBLK | ||
| 041 |
_aBUL _cBUL |
||
| 080 |
_aЯпонска литература _b821.521 _x-31 _z821.521-31 |
||
| 100 | 1 |
_aМураками Харуки _eпърви автор _9270010 |
|
| 700 | 1 |
_aЛюцканов, Людмил _eпрев. _9368659 |
|
| 139 |
_aМураками Харуки _bМ 95 |
||
| 245 | 1 | 0 |
_aКафка на плажа _bРоман _cМураками Харуки; прев. Людмил Люцканов. |
| 257 | _aJAP | ||
| 260 |
_аСофия _bКолибри _c2006 _fВ. Търново : Абагар |
||
| 300 |
_a612 с. _c20 см |
||
| 380 | _aX | ||
| 500 | _aОриг. загл. на япон. ез. - Прев. от англ. изд. | ||
| 653 | _aромани | ||
| 852 | _aЦб 229948 | ||
| 856 | 4 |
_qpdf _u |
|
| 856 | 4 |
_qpdf _u |
|
| 942 |
_cKNG _n0 _037 |
||
| 944 |
_aCR _c07.11.2006 _lЦветелина Шанова _k30531 |
||
| 944 |
_aED _c02.07.2015 _lф / _kЛюдмила_Стоянова |
||
| 999 |
_c64957 _d64957 |
||